Bordering Countries by Flag #34 - Statistics

General Stats
  • This quiz has been taken 68 times
  • The average score is 6 of 6
Answer Stats
Country % Correct
Lesotho
100%
Botswana
98%
Mozambique
98%
Namibia
98%
Zimbabwe
98%
Swaziland
96%
No matching quizzes found
Score Distribution
Percent of People with Each Score
Percentile by Number Answered
Your Score History
You have not taken this quiz